[Event "Landesklasse Ost 2015/2016"]
[Site "?"]
[Date "2015.01.17"]
[Round "9"]
[White "Heine, Robert"]
[Black "Bönisch, Julian"]
[Result "0-1"]
[WhiteElo "1573"]
[BlackElo "1615"]
[PlyCount "94"]
[EventDate "2016.??.??"]
[WhiteTeam "Schachklub Weida"]
[BlackTeam "SV Schott Jena"]

1. d4 Nf6 2. Nf3 g6 3. c3 Bg7 4. Nbd2 O-O 5. e3 d6 6. Bd3 Nbd7 7. O-O e5 8. e4
c6 9. Re1 b5 10. Nf1 Qb6 11. Be3 Ng4 12. dxe5 Nxe3 13. Rxe3 dxe5 14. N3d2 Bh6
15. Rg3 Nc5 16. Bc2 Bf4 17. b4 Bxg3 18. bxc5 Bxf2+ 19. Kxf2 Qxc5+ 20. Ne3 Rd8
21. Qe1 Qxc3 22. Nb3 Qxe1+ 23. Rxe1 Be6 24. a3 Bxb3 25. Bxb3 Rd3 26. Rb1 h5 27.
g4 Rd2+ 28. Kg3 h4+ 29. Kxh4 Kg7 30. Kg3 Rh8 31. Rf1 f6 32. g5 Rd3 33. gxf6+
Kf8 34. Be6 Rxe3+ 35. Kf2 Rxe4 36. Rd1 Rd4 37. Rc1 Rd6 38. Bg4 Rxf6+ 39. Kg3
Rd6 40. h3 Rh7 41. Rc5 Re7 42. Kf3 e4+ 43. Ke3 Kg7 44. Rc1 Rd3+ 45. Ke2 Rc7 46.
Ke1 Rxa3 47. Be2 Rxh3 0-1

[Event "Landesklasse Ost 2015/2016"]
[Site "?"]
[Date "2015.01.17"]
[Round "9"]
[White "Flechsig, Bernd"]
[Black "Wagner, Uwe"]
[Result "1-0"]
[WhiteElo "1684"]
[BlackElo "1706"]
[PlyCount "75"]
[EventDate "2016.??.??"]
[WhiteTeam "SV Schott Jena"]
[BlackTeam "Schachklub Weida"]

1. e4 c5 2. Nf3 d6 3. g3 e6 4. Bg2 Qc7 5. O-O Nf6 6. d3 Be7 7. c3 O-O 8. Na3 a6
9. Nc2 Nbd7 10. Qe2 Rb8 11. Ne3 b5 12. Ne1 Re8 13. f4 Bb7 14. g4 Nf8 15. g5
N6d7 16. Qh5 c4 17. d4 f6 18. h4 g6 19. Qg4 Bd8 20. f5 exf5 21. exf5 Bxg2 22.
N1xg2 fxg5 23. hxg5 Qb7 24. fxg6 Nxg6 25. Qf5 Ndf8 26. Nd5 Qd7 27. Qf3 Ne6 28.
Qg4 Nef8 29. Qf3 Ne6 30. Nf6+ Bxf6 31. gxf6 Kf7 32. Bd2 Rg8 33. Qh5 Nef8 34.
Rae1 Re8 35. Rxe8 Qxe8 36. Re1 Qc8 37. Re7+ Kxf6 38. Qg5# 1-0

[Event "Landesklasse Ost 2015/2016"]
[Site "?"]
[Date "2015.01.17"]
[Round "9"]
[White "Urban, Bernd"]
[Black "Schmiedehausen, Thomas"]
[Result "1/2-1/2"]
[WhiteElo "1739"]
[BlackElo "1527"]
[PlyCount "105"]
[EventDate "2016.??.??"]
[WhiteTeam "Schachklub Weida"]
[BlackTeam "SV Schott Jena"]

1. c4 Nf6 2. Nf3 g6 3. Nc3 Bg7 4. e4 d6 5. d4 O-O 6. h3 c6 7. Be2 Nbd7 8. O-O
Qa5 9. Be3 Ne8 10. Rc1 c5 11. Qd2 cxd4 12. Bxd4 Ndf6 13. Rfe1 Nd7 14. Bxg7 Nxg7
15. b3 Re8 16. Bf1 Ne6 17. Nd4 Nf6 18. Rcd1 Bd7 19. Qe3 Nxd4 20. Qxd4 Bc6 21.
g3 Nd7 22. Kh2 Qe5 23. Qe3 Qf6 24. Nd5 Bxd5 25. Rxd5 Kg7 26. Bg2 Qe6 27. Qd2
Nf6 28. Qc3 Kg8 29. Rdd1 Qe5 30. Qb4 Rab8 31. Qd2 b5 32. cxb5 Qxb5 33. f4 Qb4
34. Qf2 Qa5 35. e5 dxe5 36. fxe5 Nh5 37. Bd5 e6 38. Bc4 Re7 39. Qd2 Qxd2+ 40.
Rxd2 Ng7 41. g4 Ne8 42. Red1 Kg7 43. Rd7 Rb7 44. Rd8 f6 45. exf6+ Nxf6 46. R8d6
Nd5 47. Bxd5 exd5 48. R6xd5 Re2+ 49. Kg3 Rf7 50. Rd7 Re3+ 51. Kg2 Re2+ 52. Kg3
Re3+ 53. Kg2 1/2-1/2

[Event "Landesklasse Ost 2015/2016"]
[Site "?"]
[Date "2015.01.17"]
[Round "9"]
[White "Monossova, Maria"]
[Black "Heine, Mario"]
[Result "0-1"]
[WhiteElo "1590"]
[BlackElo "1774"]
[PlyCount "66"]
[EventDate "2016.??.??"]
[WhiteTeam "SV Schott Jena"]
[BlackTeam "Schachklub Weida"]

1. d4 d6 2. Nf3 Nf6 3. e3 c6 4. Bd3 e5 5. Nbd2 Nbd7 6. O-O Qc7 7. b3 Be7 8. Bb2
O-O 9. c4 Re8 10. Rc1 a5 11. Bb1 h6 12. Qc2 Bd8 13. c5 e4 14. cxd6 Qxd6 15. Nc4
Qe6 16. Nfe5 Nf8 17. f3 exf3 18. Rxf3 Bd7 19. Rcf1 b5 20. Nd2 Re7 21. Ne4 Nxe4
22. Qxe4 Bc7 23. Nxd7 Qxd7 24. Qh4 Nh7 25. e4 Ng5 26. R3f2 Bb6 27. e5 Rd8 28.
Bf5 Qd5 29. Kh1 Bxd4 30. Bxd4 Qxd4 31. Qxd4 Rxd4 32. Re1 g6 33. Bg4 Rxg4 0-1

[Event "Landesklasse Ost 2015/2016"]
[Site "?"]
[Date "2015.01.17"]
[Round "9"]
[White "Lehmann, Volkhard"]
[Black "Falk, Peter"]
[Result "1/2-1/2"]
[WhiteElo "1668"]
[BlackElo "1549"]
[PlyCount "80"]
[EventDate "2016.??.??"]
[WhiteTeam "Schachklub Weida"]
[BlackTeam "SV Schott Jena"]

1. d4 Nf6 2. Bf4 g6 3. e3 Bg7 4. c4 d6 5. Nc3 Nbd7 6. Nf3 O-O 7. Be2 Re8 8. Bg5
c6 9. a3 b6 10. Qc2 Bb7 11. Rd1 Qc7 12. O-O Rac8 13. Rd2 e5 14. dxe5 Nxe5 15.
Rfd1 d5 16. Nxe5 Qxe5 17. Bf4 Qe7 18. cxd5 cxd5 19. Bf3 Bc6 20. Qb3 Qb7 21.
Nxd5 Ne4 22. Bxe4 Rxe4 23. f3 Ba4 24. Qd3 Rxf4 25. Nxf4 Bxd1 26. Rxd1 Bxb2 27.
Ne2 Bf6 28. Kf2 Rd8 29. Nd4 Qd5 30. Rd2 Rd7 31. Qc2 Qc5 32. Qb2 Qe5 33. g3 h5
34. Qc2 Qd6 35. Qe4 Qe7 36. Qd3 Kh7 37. a4 Kg8 38. Qb3 Kh7 39. Qd1 Kg8 40. Rd3
Kh7 1/2-1/2

[Event "Landesklasse West 2015/2016"]
[Site "?"]
[Date "2016.01.24"]
[Round "9"]
[White "Messerschmidt, Daniel"]
[Black "Essegern, Kurt"]
[Result "1-0"]
[WhiteElo "1863"]
[BlackElo "1965"]
[PlyCount "111"]
[EventDate "2016.??.??"]
[WhiteTeam "SG Trusetal 92"]
[BlackTeam "Randspringer Bad Salzungen"]

1. c4 e5 2. Nc3 Nf6 3. g3 Bb4 4. Bg2 O-O 5. a3 Bxc3 6. bxc3 Re8 7. d3 h6 8. e4
c6 9. Ne2 d5 10. cxd5 cxd5 11. exd5 Nxd5 12. c4 Nf6 13. O-O Nc6 14. Rb1 Qd6 15.
Nc3 Rd8 16. Nb5 Qxd3 17. Qxd3 Rxd3 18. Nc7 Rb8 19. Bxc6 Bf5 20. Rb4 a5 21. Rb5
Rd6 22. Bg2 Bd3 23. Re1 Bxc4 24. Rbxe5 b5 25. Ne8 Nxe8 26. Rxe8+ Rxe8 27. Rxe8+
Kh7 28. Be4+ g6 29. Bb2 f6 30. Kg2 Kg7 31. Bf3 Kf7 32. Re4 Rd2 33. Bc3 Ra2 34.
Bxa5 Rxa3 35. Bd2 g5 36. Bh5+ Kg7 37. Re7+ Kg8 38. Rd7 f5 39. Bf3 Kh8 40. Be3
g4 41. Bd4+ Kg8 42. Bd5+ Bxd5+ 43. Rxd5 Rd3 44. Rd8+ Kf7 45. Bb6 Rxd8 46. Bxd8
b4 47. Ba5 b3 48. Bc3 Ke6 49. Kf1 Kd5 50. Ke2 Ke4 51. Bb2 f4 52. Bc3 fxg3 53.
fxg3 Kf5 54. Ke3 Kg5 55. Ke4 Kh5 56. Kf4 1-0

[Event "Landesklasse West 2015/2016"]
[Site "?"]
[Date "2016.01.24"]
[Round "9"]
[White "Hübschmann, Holger"]
[Black "Messerschmidt, Nick"]
[Result "0-1"]
[WhiteElo "1903"]
[BlackElo "1935"]
[PlyCount "128"]
[EventDate "2016.??.??"]
[WhiteTeam "Randspringer Bad Salzungen"]
[BlackTeam "SG Trusetal 92"]

1. Nf3 d5 2. c4 c6 3. b3 Nf6 4. Bb2 Bg4 5. e3 Nbd7 6. h3 Bh5 7. Be2 e6 8. O-O
Bd6 9. d4 Ne4 10. Nbd2 Ndf6 11. Nxe4 Nxe4 12. Nd2 Bxe2 13. Qxe2 Nxd2 14. Qxd2
Qh4 15. f4 f5 16. c5 Bc7 17. Bc3 Rg8 18. Qf2 Qh5 19. Qf3 Qh6 20. Kf2 Kd7 21.
Ke2 g5 22. g3 Rg7 23. Qh1 Rag8 24. Rg1 Qf6 25. Raf1 Qd8 26. Be1 b6 27. h4 bxc5
28. dxc5 g4 29. Bc3 Rf7 30. Rd1 Qb8 31. b4 Qb5+ 32. Kd2 h5 33. Ra1 Re8 34. Rge1
e5 35. a4 Qc4 36. Qf1 Qe4 37. Qh1 Ke6 38. b5 Qc4 39. Qf1 Qxc5 40. fxe5 Rb8 41.
Qf4 Qxc3+ 42. Kxc3 Bxe5+ 43. Kb4 Bxf4 44. exf4+ Kd6 45. Rac1 Rc7 46. Re5 c5+
47. Kc3 Re7 48. Rce1 Rbe8 49. a5 Rxe5 50. Rxe5 Rb8 51. b6 axb6 52. axb6 Rxb6
53. Rxf5 d4+ 54. Kc2 c4 55. Rxh5 Rb3 56. Rh6+ Kd5 57. Rh5+ Ke4 58. Re5+ Kf3 59.
f5 d3+ 60. Kc1 c3 61. f6 Rb2 62. Rd5 d2+ 63. Kd1 Rb1+ 64. Kc2 Rc1+ 0-1

[Event "Landesklasse West 2015/2016"]
[Site "?"]
[Date "2016.01.24"]
[Round "9"]
[White "Ribitzki, Mathias"]
[Black "Schulz, Tilo"]
[Result "1/2-1/2"]
[WhiteElo "1761"]
[BlackElo "1870"]
[PlyCount "21"]
[EventDate "2016.??.??"]
[WhiteTeam "SG Trusetal 92"]
[BlackTeam "Randspringer Bad Salzungen"]

1. Nf3 g6 2. d4 Nf6 3. c4 Bg7 4. e3 O-O 5. Be2 d6 6. O-O Nbd7 7. Nc3 c6 8. b3
Re8 9. Bb2 e5 10. dxe5 dxe5 11. Qc2 1/2-1/2

[Event "Landesklasse West 2015/2016"]
[Site "?"]
[Date "2016.01.24"]
[Round "9"]
[White "Feldmann, Bernd"]
[Black "Willner, Holger"]
[Result "0-1"]
[WhiteElo "1869"]
[BlackElo "1779"]
[PlyCount "78"]
[EventDate "2016.??.??"]
[WhiteTeam "Randspringer Bad Salzungen"]
[BlackTeam "SG Trusetal 92"]

1. d4 f5 2. Bg5 Nf6 3. e3 e6 4. Bd3 Be7 5. Nd2 O-O 6. Ngf3 d5 7. Ne5 Nbd7 8.
Nxd7 Bxd7 9. Qe2 c6 10. c3 Qe8 11. O-O-O b5 12. Kb1 a5 13. f3 a4 14. e4 Nxe4
15. Bxe7 Nxd2+ 16. Rxd2 Qxe7 17. Re1 Qd6 18. Qe5 Qxe5 19. Rxe5 Rac8 20. b4 axb3
21. axb3 c5 22. dxc5 Rxc5 23. Kb2 Rfc8 24. Rc2 Kf7 25. Re1 Ra8 26. Ra1 Rcc8 27.
Rxa8 Rxa8 28. c4 bxc4 29. bxc4 d4 30. f4 Kf6 31. Re2 Ra5 32. Kb3 e5 33. Kb4
Ra4+ 34. Kc5 e4 35. Bc2 d3 36. Bxd3 exd3 37. Rd2 Be6 38. Rxd3 Rxc4+ 39. Kd6
Rxf4 0-1

[Event "Landesklasse West 2015/2016"]
[Site "?"]
[Date "2016.01.24"]
[Round "9"]
[White "Schley, Thomas"]
[Black "Roth, Ralf"]
[Result "1/2-1/2"]
[WhiteElo "1736"]
[BlackElo "1772"]
[PlyCount "92"]
[EventDate "2016.??.??"]
[WhiteTeam "SG Trusetal 92"]
[BlackTeam "Randspringer Bad Salzungen"]

1. d4 Nf6 2. Nf3 g6 3. g3 c6 4. Bg2 Bg7 5. O-O O-O 6. Re1 d5 7. c3 Nbd7 8. Nbd2
Re8 9. e4 e5 10. dxe5 Nxe5 11. Nxe5 Rxe5 12. exd5 Rxe1+ 13. Qxe1 Nxd5 14. Nf3
Bd7 15. Bd2 Qb6 16. Qc1 Re8 17. Bf1 Bg4 18. Kg2 Qd8 19. h3 Bc8 20. Bh6 Bh8 21.
Qd1 Qb6 22. Rb1 Rd8 23. Qb3 Be6 24. Qxb6 Nxb6 25. Be3 Nc8 26. a3 b6 27. Be2 c5
28. Rd1 Rxd1 29. Bxd1 Nd6 30. Nd2 Kf8 31. Bf3 f5 32. Bf4 Ke7 33. h4 Bg7 34. Kf1
Kd7 35. Ke2 Bf6 36. Be3 Nf7 37. Nf1 Ne5 38. Bg2 Bc4+ 39. Kd2 Ke6 40. Kc2 Nd3
41. Bh3 Ne1+ 42. Kd1 Nf3 43. Nd2 Nxd2 44. Kxd2 Bd5 45. Bf1 Be5 46. Be2 h5
1/2-1/2

[Event "Landesklasse West 2015/2016"]
[Site "?"]
[Date "2016.01.24"]
[Round "9"]
[White "Kunze, Heinz"]
[Black "Hepp, Ingolf"]
[Result "1/2-1/2"]
[WhiteElo "1661"]
[BlackElo "1448"]
[PlyCount "86"]
[EventDate "2016.??.??"]
[WhiteTeam "Randspringer Bad Salzungen"]
[BlackTeam "SG Trusetal 92"]

1. e4 e5 2. Nf3 Nc6 3. Bb5 Bc5 4. O-O Nge7 5. c3 a6 6. Ba4 O-O 7. d4 exd4 8.
cxd4 Bb6 9. d5 Na7 10. Nc3 d6 11. Nd4 Ng6 12. Be3 Bd7 13. Qd2 Bxa4 14. Nxa4
Bxd4 15. Bxd4 Qd7 16. Nc3 Rfe8 17. Rfe1 Nb5 18. Nxb5 axb5 19. a3 f6 20. Rac1
Ne5 21. Bxe5 Rxe5 22. Re3 Re7 23. Qc2 Rc8 24. Rc3 Rf7 25. f3 g6 26. Qd3 Kf8 27.
Rd1 Ke7 28. Rdc1 c5 29. dxc6 Rxc6 30. Qxb5 Rxc3 31. Qxd7+ Kxd7 32. Rxc3 Rf8 33.
Kf2 f5 34. exf5 Rxf5 35. Rb3 Kc6 36. Rb4 Rc5 37. h4 Rc2+ 38. Kg3 d5 39. f4 b6
40. Kf3 Kc5 41. g3 Rc1 42. Ke3 Re1+ 43. Kd2 Rf1 {Rest unleserlich} 1/2-1/2

[Event "Landesklasse West 2015/2016"]
[Site "?"]
[Date "2016.01.24"]
[Round "9"]
[White "Voigt, Uwe"]
[Black "Wiefel, Erik"]
[Result "0-1"]
[WhiteElo "1538"]
[BlackElo "1648"]
[PlyCount "50"]
[EventDate "2016.??.??"]
[WhiteTeam "SG Trusetal 92"]
[BlackTeam "Randspringer Bad Salzungen"]

1. b4 e5 2. Bb2 Bxb4 3. Bxe5 Nf6 4. a3 Ba5 5. e3 O-O 6. Nf3 d5 7. Be2 Re8 8.
Bb2 c5 9. O-O Be6 10. Ng5 Nc6 11. f4 Bd7 12. c4 d4 13. exd4 Nxd4 14. Bf3 h6 15.
Bxd4 cxd4 16. Bxb7 Rb8 17. Qf3 hxg5 18. fxg5 Bg4 19. Qg3 Ne4 20. Bxe4 Rxe4 21.
d3 Rb3 22. h3 Be2 23. Nc3 Rxc3 24. Rab1 Rxd3 25. Qf2 Bxf1 0-1

[Event "Landesklasse West 2015/2016"]
[Site "?"]
[Date "2016.01.24"]
[Round "9"]
[White "Kuppardt, Jürgen"]
[Black "Krellmann, Iris"]
[Result "1-0"]
[WhiteElo "1672"]
[BlackElo "1367"]
[PlyCount "49"]
[EventDate "2016.??.??"]
[WhiteTeam "Randspringer Bad Salzungen"]
[BlackTeam "SG Trusetal 92"]

1. e4 e5 2. Nf3 Nc6 3. Nc3 Bc5 4. Bc4 d6 5. h3 Nf6 6. O-O h6 7. d3 O-O 8. Ne2
Re8 9. Ng3 Ne7 10. c3 Ng6 11. Qb3 Qd7 12. d4 Bb6 13. Rd1 exd4 14. cxd4 Nxe4 15.
Nxe4 Rxe4 16. Bd3 Qe7 17. Bxe4 Qxe4 18. Re1 Qc6 19. d5 Qd7 20. Be3 Kf8 21. Qd3
Qd8 22. Re2 Qf6 23. Bxb6 axb6 24. Qb5 Bxh3 25. Rae1 1-0

[Event "Landesklasse West 2015/2016"]
[Site "?"]
[Date "2016.01.24"]
[Round "9"]
[White "Thon, Philipp"]
[Black "Geißhirt, Marco"]
[Result "0-1"]
[WhiteElo "1850"]
[BlackElo "1943"]
[PlyCount "98"]
[EventDate "2016.??.??"]
[WhiteTeam "SV Ammern"]
[BlackTeam "SG Barchfeld/Breitungen"]

1. e4 c5 2. c3 Nf6 3. e5 Nd5 4. d4 cxd4 5. cxd4 d6 6. exd6 e6 7. Nf3 Bxd6 8. g3
Nc6 9. Bg2 O-O 10. O-O b6 11. Nc3 Nxc3 12. bxc3 Ba6 13. Re1 Rc8 14. Qa4 Na5 15.
Bd2 b5 16. Qd1 Nc4 17. Qb3 Qc7 18. a4 Rb8 19. axb5 Bxb5 20. Qc2 a5 21. Ng5 g6
22. Ne4 Nxd2 23. Qxd2 Be7 24. Rec1 Bc4 25. h4 Kg7 26. Qe3 Bb3 27. c4 a4 28. d5
exd5 29. cxd5 Qe5 30. Qc3 Qxc3 31. Rxc3 Bb4 32. Rd3 Bc2 33. Re3 a3 34. Nc3 Rfc8
35. Na2 Bc5 36. Re2 Rb1+ 37. Rxb1 Bxb1 38. Rd2 Bd6 39. Bf1 Be4 40. Rd4 Bb1 41.
Rd2 Be4 42. Rd4 f5 43. Rd2 Kf6 44. f4 Bc5+ 45. Kh2 Rb8 46. Bg2 Rb2 47. Rxb2
axb2 48. Bxe4 fxe4 49. Nc3 Bb4 0-1

[Event "Landesklasse West 2015/2016"]
[Site "?"]
[Date "2016.01.24"]
[Round "9"]
[White "Rommel, Uwe"]
[Black "Schorch, Rüdiger"]
[Result "0-1"]
[WhiteElo "1869"]
[BlackElo "1969"]
[PlyCount "64"]
[EventDate "2016.??.??"]
[WhiteTeam "SG Barchfeld/Breitungen"]
[BlackTeam "SV Ammern"]

1. e4 c5 2. Nf3 d6 3. d4 cxd4 4. Nxd4 e5 5. Bb5+ Nd7 6. Nf5 Qb6 7. Nc3 Ngf6 8.
Be3 Qc7 9. O-O a6 10. Ba4 b5 11. Bxb5 axb5 12. Nxb5 Qc6 13. Nbxd6+ Bxd6 14.
Nxd6+ Kf8 15. f3 Ba6 16. Re1 g6 17. Qd2 Ke7 18. Red1 Rhd8 19. Qb4 Rdb8 20. Nf5+
Kd8 21. Qe7+ Kc8 22. Rd6 Qc7 23. Rxf6 gxf5 24. Rxf7 f4 25. Bf2 Rxb2 26. Qe8+
Qd8 27. Qe6 Rxc2 28. Rd1 Bb5 29. Rg7 Ra6 30. Qb3 Ba4 31. Rdxd7 Qxd7 32. Qg8+
Qd8 0-1

[Event "Landesklasse West 2015/2016"]
[Site "?"]
[Date "2016.01.24"]
[Round "9"]
[White "Wegerich, Michael"]
[Black "Reum, Lutz"]
[Result "1-0"]
[WhiteElo "1950"]
[BlackElo "1796"]
[PlyCount "113"]
[EventDate "2016.??.??"]
[WhiteTeam "SV Ammern"]
[BlackTeam "SG Barchfeld/Breitungen"]

1. Nf3 c6 2. d4 d5 3. e3 Nf6 4. Bd3 Bg4 5. Nbd2 Nbd7 6. h3 Bh5 7. O-O e5 8.
dxe5 Nxe5 9. Be2 Nxf3+ 10. Bxf3 Bg6 11. b3 Be7 12. Bb2 O-O 13. Re1 Qc7 14. Rc1
Rad8 15. Qe2 Rfe8 16. Red1 Ne4 17. Bxe4 dxe4 18. a4 Rd7 19. Nc4 Red8 20. Rxd7
Qxd7 21. Ne5 Qd2 22. Qxd2 Rxd2 23. Kf1 f6 24. Nxg6 hxg6 25. Bc3 Rd5 26. Ke2 Kf7
27. Bd2 Ke6 28. Rb1 a6 29. b4 Bd6 30. Rb3 Be5 31. c4 Rd7 32. b5 cxb5 33. cxb5
axb5 34. Rxb5 Rc7 35. a5 Rd7 36. Rb4 Bd6 37. Rxe4+ Kf5 38. Re8 g5 39. Rc8 Ke4
40. f3+ Ke5 41. Rc2 Be7 42. e4 Ke6 43. Be1 g6 44. Rb2 Bd8 45. Bc3 Kf7 46. Rd2
Rxd2+ 47. Kxd2 Ke6 48. Kd3 Kd6 49. Kc4 Kc6 50. g3 b6 51. axb6 Bxb6 52. Bxf6 Be3
53. Kd3 Bc1 54. Bc3 Ba3 55. Bd2 Be7 56. Kc4 Kd7 57. Kd5 1-0

[Event "Landesklasse West 2015/2016"]
[Site "?"]
[Date "2016.01.24"]
[Round "9"]
[White "Crivellaro, Heiko"]
[Black "Kampfhenkel, Ulrich"]
[Result "0-1"]
[WhiteElo "1798"]
[BlackElo "1862"]
[PlyCount "46"]
[EventDate "2016.??.??"]
[WhiteTeam "SG Barchfeld/Breitungen"]
[BlackTeam "SV Ammern"]

1. f4 e5 2. fxe5 d6 3. Nf3 dxe5 4. Nxe5 Bd6 5. Nf3 Nf6 6. d4 O-O 7. Bg5 h6 8.
Bxf6 Qxf6 9. e4 c5 10. e5 Qe7 11. Be2 Bc7 12. c3 cxd4 13. cxd4 Nc6 14. O-O Rd8
15. Qa4 Nxd4 16. Bd1 Nxf3+ 17. Bxf3 Qxe5 18. Rd1 Rxd1+ 19. Qxd1 Qxh2+ 20. Kf2
Bb6+ 21. Ke2 Qe5+ 22. Kf1 Qxb2 23. Nd2 Bf5 0-1

[Event "Landesklasse West 2015/2016"]
[Site "?"]
[Date "2016.01.24"]
[Round "9"]
[White "Kurze, Christoph"]
[Black "Schmidt, Kevin"]
[Result "1-0"]
[WhiteElo "1853"]
[BlackElo "1584"]
[PlyCount "69"]
[EventDate "2016.??.??"]
[WhiteTeam "SV Ammern"]
[BlackTeam "SG Barchfeld/Breitungen"]

1. e4 g6 2. d4 c5 3. Nf3 Bg7 4. d5 d6 5. h3 Nf6 6. Nc3 a6 7. a4 O-O 8. Bc4 Nbd7
9. O-O Qc7 10. Re1 Nb6 11. Bf1 Nh5 12. a5 Nd7 13. g4 Nhf6 14. Bf4 Ne5 15. Nxe5
dxe5 16. Be3 Bd7 17. f3 b5 18. axb6 Qxb6 19. b3 Bb5 20. Na4 Bxa4 21. Rxa4 a5
22. Qa1 Nxd5 23. exd5 e4 24. Qd1 Bc3 25. fxe4 Bxe1 26. Qxe1 Ra7 27. Qc3 Rc8 28.
e5 f6 29. d6 exd6 30. Bc4+ Kf8 31. Bh6+ Ke8 32. exf6 Rcc7 33. f7+ Rxf7 34.
Bxf7+ Rxf7 35. Qxa5 1-0

[Event "Landesklasse West 2015/2016"]
[Site "?"]
[Date "2016.01.24"]
[Round "9"]
[White "Reum, Jonathan"]
[Black "Breuer, Harald"]
[Result "0-1"]
[WhiteElo "1628"]
[BlackElo "1846"]
[PlyCount "46"]
[EventDate "2016.??.??"]
[WhiteTeam "SG Barchfeld/Breitungen"]
[BlackTeam "SV Ammern"]

1. d4 Nf6 2. c4 g6 3. Nc3 d5 4. cxd5 Nxd5 5. e4 Nxc3 6. bxc3 Bg7 7. Bc4 O-O 8.
Ne2 c5 9. Be3 cxd4 10. cxd4 Nc6 11. O-O Na5 12. Rc1 Nxc4 13. Rxc4 b6 14. d5 Bb7
15. Qa4 f5 16. f3 fxe4 17. fxe4 Rxf1+ 18. Kxf1 e6 19. Bf4 e5 20. Bg3 Qf6+ 21.
Kg1 b5 22. Qxb5 Ba6 23. Qb3 Rf8 0-1

[Event "Landesklasse West 2015/2016"]
[Site "?"]
[Date "2016.01.24"]
[Round "9"]
[White "Salaske, Peter"]
[Black "Abe, Rico"]
[Result "1-0"]
[WhiteElo "1832"]
[BlackElo "1651"]
[PlyCount "55"]
[EventDate "2016.??.??"]
[WhiteTeam "SV Ammern"]
[BlackTeam "SG Barchfeld/Breitungen"]

1. e4 d6 2. d4 Nf6 3. Nc3 g6 4. Bg5 Bg7 5. Be2 O-O 6. Qd2 c5 7. d5 Qb6 8. O-O-O
Nxe4 9. Qe3 Nxc3 10. bxc3 Qa5 11. Kd2 Qxa2 12. Bf3 Bf5 13. Rc1 Qa5 14. Ne2 Re8
15. Ra1 Qc7 16. g4 Bc8 17. h4 Nd7 18. Bf4 Ne5 19. Bxe5 Bxe5 20. h5 Bg7 21. hxg6
fxg6 22. Nf4 c4 23. Ne6 Bxe6 24. Qxe6+ Kf8 25. Rxh7 Qb6 26. Rah1 Qxf2+ 27. Be2
Qf6 28. Rf1 1-0

[Event "Landesklasse West 2015/2016"]
[Site "?"]
[Date "2016.01.24"]
[Round "9"]
[White "Kuntze, Andreas"]
[Black "Klingler, Lutz"]
[Result "1/2-1/2"]
[WhiteElo "2006"]
[BlackElo "1933"]
[PlyCount "36"]
[EventDate "2016.??.??"]
[WhiteTeam "Schachclub Rochade Leinefelde"]
[BlackTeam "SV Schmalkalden 04"]

1. d4 g6 2. e4 Bg7 3. Nf3 d6 4. Bc4 e6 5. Bb3 Nf6 6. Nc3 h6 7. O-O O-O 8. Re1
a6 9. a4 c5 10. dxc5 dxc5 11. Qxd8 Rxd8 12. Be3 Nbd7 13. Rad1 Re8 14. a5 Ng4
15. Ba4 Bxc3 16. bxc3 Nxe3 17. Rxe3 Re7 18. Red3 b5 1/2-1/2

[Event "Landesklasse West 2015/2016"]
[Site "?"]
[Date "2016.01.24"]
[Round "9"]
[White "Lesser, Thomas"]
[Black "Kachel, Alfred"]
[Result "1/2-1/2"]
[WhiteElo "1856"]
[BlackElo "1953"]
[PlyCount "33"]
[EventDate "2016.??.??"]
[WhiteTeam "SV Schmalkalden 04"]
[BlackTeam "Schachclub Rochade Leinefelde"]

1. e4 d5 2. exd5 Qxd5 3. Nc3 Qd6 4. Nf3 Nf6 5. h3 a6 6. d4 Nc6 7. Be3 Bf5 8.
Bd3 Bxd3 9. Qxd3 e6 10. a3 Be7 11. O-O O-O 12. Rad1 Rad8 13. Rfe1 Rfe8 14. Ne4
Nxe4 15. Qxe4 Qd5 16. Qxd5 exd5 17. Bf4 1/2-1/2

[Event "Landesklasse West 2015/2016"]
[Site "?"]
[Date "2016.01.24"]
[Round "9"]
[White "Frank, Thomas"]
[Black "Bamberg, Alexander"]
[Result "0-1"]
[WhiteElo "1883"]
[BlackElo "1865"]
[PlyCount "78"]
[EventDate "2016.??.??"]
[WhiteTeam "Schachclub Rochade Leinefelde"]
[BlackTeam "SV Schmalkalden 04"]

1. d4 Nf6 2. c4 g6 3. f3 d5 4. cxd5 Nxd5 5. e4 Nb6 6. Be3 Bg7 7. a4 a5 8. Nc3
O-O 9. Bb5 c6 10. Be2 Na6 11. Bxa6 Rxa6 12. Nge2 Nc4 13. Bc1 e5 14. d5 Qb6 15.
b3 Ne3 16. Bxe3 Qxe3 17. Qd2 Qb6 18. Nc1 f5 19. Rf1 Rd8 20. Rb1 Qd4 21. N1e2
Qxd2+ 22. Kxd2 cxd5 23. Nxd5 Be6 24. Nec3 Kf7 25. Kc2 Rc6 26. Kb2 Rdc8 27. Rf2
Bf8 28. Rd1 Bc5 29. Rc2 Bd4 30. Rd3 f4 31. g3 g5 32. g4 Bxd5 33. exd5 Rc5 34.
h3 Ke7 35. Rc1 Rxc3 36. Rcxc3 Rxc3 37. Rxc3 Kd6 38. Kc2 Bxc3 39. Kxc3 Kxd5 0-1

[Event "Landesklasse West 2015/2016"]
[Site "?"]
[Date "2016.01.24"]
[Round "9"]
[White "Burkhardt, Christian"]
[Black "Pfitzenreuter, Gerald"]
[Result "1/2-1/2"]
[WhiteElo "1671"]
[BlackElo "1865"]
[PlyCount "23"]
[EventDate "2016.??.??"]
[WhiteTeam "SV Schmalkalden 04"]
[BlackTeam "Schachclub Rochade Leinefelde"]

1. d4 d5 2. c4 e6 3. Nc3 c6 4. Nf3 Nf6 5. e3 Nbd7 6. b3 Bd6 7. Bb2 O-O 8. Bd3
dxc4 9. bxc4 e5 10. O-O Re8 11. Qc2 exd4 12. exd4 1/2-1/2

[Event "Landesklasse West 2015/2016"]
[Site "?"]
[Date "2016.01.24"]
[Round "9"]
[White "Seeboth, Paul"]
[Black "Himmel, Matthias"]
[Result "1-0"]
[WhiteElo "1807"]
[BlackElo "1564"]
[PlyCount "81"]
[EventDate "2016.??.??"]
[WhiteTeam "Schachclub Rochade Leinefelde"]
[BlackTeam "SV Schmalkalden 04"]

1. d4 Nf6 2. c4 g6 3. Nc3 d5 4. Bg5 dxc4 5. e3 Bg7 6. Bxc4 O-O 7. Nf3 Nbd7 8.
O-O c6 9. a4 Nb6 10. Bd3 a5 11. Qe2 h6 12. Bh4 Nbd5 13. Rac1 Re8 14. Ne5 Qd6
15. f3 Nxc3 16. bxc3 Nd5 17. Nc4 Qc7 18. Bg3 Qd8 19. Qb2 b5 20. axb5 cxb5 21.
Qxb5 Ba6 22. Qb3 a4 23. Qa2 Nxe3 24. Nxe3 Bxd3 25. Rfd1 Bb5 26. Rb1 Bd7 27. Rb7
Bc6 28. Rb4 Qa5 29. Qa1 Red8 30. Nc4 Qg5 31. Nb6 Ra6 32. Bc7 Bxf3 33. Qa2 Bxd1
34. Bxd8 Qe3+ 35. Qf2 Qxc3 36. Nd5 Rf6 37. Nxc3 Rxf2 38. Kxf2 e6 39. Nxd1 Bxd4+
40. Rxd4 a3 41. Ra4 1-0

[Event "Landesklasse West 2015/2016"]
[Site "?"]
[Date "2016.01.24"]
[Round "9"]
[White "Meysing, Gerhard"]
[Black "Abe, Andreas"]
[Result "1-0"]
[WhiteElo "1487"]
[BlackElo "1537"]
[PlyCount "91"]
[EventDate "2016.??.??"]
[WhiteTeam "Schachclub Rochade Leinefelde"]
[BlackTeam "SV Schmalkalden 04"]

1. e4 e5 2. Nf3 Nc6 3. Bc4 Bc5 4. Nc3 d6 5. h3 Nf6 6. d3 h6 7. O-O O-O 8. Be3
Nd4 9. Bxd4 Bxd4 10. Nxd4 exd4 11. Ne2 c5 12. Nf4 Qb6 13. Rb1 Bd7 14. Qf3 Bc6
15. Nh5 Nxh5 16. Qxh5 Rae8 17. f4 Bd7 18. f5 Re5 19. Rf3 Qd8 20. Rg3 Kh8 21.
Bxf7 Qf6 22. Bb3 Be8 23. Qe2 Qh4 24. Qg4 Qf6 25. Be6 Bc6 26. Qg6 Qxg6 27. Rxg6
d5 28. exd5 Bxd5 29. Rf1 Kh7 30. Bxd5 Rxd5 31. g4 Re5 32. Kf2 Re3 33. Kg2 Rfe8
34. Rd6 R8e5 35. Rd7 Re7 36. Rxe7 Rxe7 37. Rf4 Kg8 38. Re4 Kf7 39. Rxe7+ Kxe7
40. Kf3 Kd6 41. Ke4 b5 42. h4 a5 43. g5 hxg5 44. hxg5 b4 45. f6 gxf6 46. gxf6
1-0

[Event "Landesklasse West 2015/2016"]
[Site "?"]
[Date "2016.01.24"]
[Round "9"]
[White "Pastowski, Werner"]
[Black "Stöber, Guido"]
[Result "1-0"]
[WhiteElo "1434"]
[BlackElo "1318"]
[PlyCount "45"]
[EventDate "2016.??.??"]
[WhiteTeam "SV Schmalkalden 04"]
[BlackTeam "Schachclub Rochade Leinefelde"]

1. d4 d5 2. c4 e6 3. Nc3 Nf6 4. Nf3 Nbd7 5. e3 Be7 6. Be2 O-O 7. O-O c6 8. b3
Qc7 9. h3 Re8 10. Bb2 Nf8 11. Bd3 N6d7 12. Qc2 f5 13. Ne2 Bd6 14. c5 Be7 15.
Nf4 Bf6 16. Rfe1 g5 17. Ne2 Ng6 18. g4 Ndf8 19. gxf5 Nh4 20. Nxh4 gxh4 21. Kh1
e5 22. Rg1+ Kh8 23. dxe5 1-0